000 00706nam a2200241Ia 4500
003 OSt
005 20220926015033.0
006 a|||||r|||| 00| 0
007 ta
008 220923b |||||||| |||| 00| 0 eng d
037 _cGeneral Book
040 _aRTL
_cRTL
_beng
041 _2eng
_aeng
082 _aX:9:(Y:411).73.N5, J9
111 _aNational Industrial Conference Board (New York)
245 0 _aAlcoholic worker
260 _aNew York
_bNICB USA
_c1959
300 _a52p.
_ccm.
490 _aIts Studies in Personnel Policy. 166; Conference Board Reports
650 _aLabor Economics
942 _hX:9:(Y:411).73.N5, J9
_cGB
_2CC
999 _c630458
_d630458